000
00301nam a22001337a 4500
008
170927b xxu||||| |||| 00| 0 eng d
020
_a
9780393065053
041
_a
eng
080
_a
37
100
_a
46
101
_a
EDU
245
_a
INTELLIGENCE AND HOW TO GET IT
_c
NISBETT,R.E
942
_2
udc
_c
BK
999
_c
30171
_d
30171